| 000 -LEADER |
| fixed length control field |
01888cam a2200397Ia 4500 |
| 001 - CONTROL NUMBER |
| control field |
5570405 |
| 003 - CONTROL NUMBER IDENTIFIER |
| control field |
OSt |
| 005 - DATE AND TIME OF LATEST TRANSACTION |
| control field |
20211109145038.0 |
| 008 - FIXED-LENGTH DATA ELEMENTS--GENERAL INFORMATION |
| fixed length control field |
060202s2005 enka b 001 0 eng d |
| 020 ## - INTERNATIONAL STANDARD BOOK NUMBER |
| International Standard Book Number |
9780750663229 |
| 035 ## - SYSTEM CONTROL NUMBER |
| System control number |
(OCoLC)ocm63266990 |
| 035 ## - SYSTEM CONTROL NUMBER |
| System control number |
(NNC)5570405 |
| 038 ## - RECORD CONTENT LICENSOR |
| Staff Name |
khadija |
| 040 ## - CATALOGING SOURCE |
| Original cataloging agency |
CIT |
| Transcribing agency |
CIT |
| Modifying agency |
VP@ |
| -- |
BAKER |
| -- |
NNC |
| 082 ## - DEWEY DECIMAL CLASSIFICATION NUMBER |
| Classification number |
624.1 |
| Author Mark |
ZIE |
| 090 ## - LOCALLY ASSIGNED LC-TYPE CALL NUMBER (OCLC); LOCAL CALL NUMBER (RLIN) |
| Classification number (OCLC) (R) ; Classification number, CALL (RLIN) (NR) |
TA640.2 |
| Local cutter number (OCLC) ; Book number/undivided call number, CALL (RLIN) |
2009 |
| 100 1# - MAIN ENTRY--PERSONAL NAME |
| Personal name |
Zienkiewicz, O. C. |
| 9 (RLIN) |
8922 |
| 245 14 - TITLE STATEMENT |
| Title |
The finite element method for fluid dynamics / |
| Statement of responsibility, etc. |
O.C. Zienkiewicz, R.L. Taylor, and P. Nithiarasu. |
| 250 ## - EDITION STATEMENT |
| Edition statement |
6th ed. |
| 260 ## - PUBLICATION, DISTRIBUTION, ETC. |
| Place of publication, distribution, etc. |
Oxford ; |
| -- |
Boston : |
| Name of publisher, distributor, etc. |
Elsevier Butterworth-Heinemann, |
| Date of publication, distribution, etc. |
2009. |
| 300 ## - PHYSICAL DESCRIPTION |
| Extent |
xii, 435 p. : |
| Other physical details |
ill. : |
| Dimensions |
26 cm. |
| 500 ## - GENERAL NOTE |
| General note |
Previous ed.: 2000. |
| 500 ## - GENERAL NOTE |
| General note |
"In the present edition we retain the three volume format of the fifth edition but have decided not to pursue the course of having three contiguous volumes -- rather we treat the whole work as an assembly of three separate works, each one capable of being used without the others ... The first volume is renamed The Finite Element Method: Its Basis and Foundamentals...In [the second] volume we consider more advanced problems in solid and structural mechanics while in a third volume we consider applications in fluid dynamics"--Preface. |
| 504 ## - BIBLIOGRAPHY, ETC. NOTE |
| Bibliography, etc. note |
Includes bibliographical references and indexes. |
| 563 ## - BINDING INFORMATION |
| Binding note |
Hardcover |
| 650 #0 - SUBJECT ADDED ENTRY--TOPICAL TERM |
| Topical term or geographic name entry element |
Finite element method. |
| 9 (RLIN) |
1938 |
| 650 #0 - SUBJECT ADDED ENTRY--TOPICAL TERM |
| Topical term or geographic name entry element |
Mechanics, Applied. |
| 9 (RLIN) |
13090 |
| 650 #0 - SUBJECT ADDED ENTRY--TOPICAL TERM |
| Topical term or geographic name entry element |
Fluid dynamics. |
| 9 (RLIN) |
1384 |
| 700 1# - ADDED ENTRY--PERSONAL NAME |
| Personal name |
Taylor, Robert L. |
| Fuller form of name |
(Robert Leroy), |
| Dates associated with a name |
1934- |
| 9 (RLIN) |
82789 |
| 700 1# - ADDED ENTRY--PERSONAL NAME |
| Personal name |
Nithiarasu, Perumal. |
| 9 (RLIN) |
83732 |
| 700 1# - ADDED ENTRY--PERSONAL NAME |
| Personal name |
Zienkiewicz, O. C. |
| Title of a work |
Finite element method: its basis and fundamentals. |
| 9 (RLIN) |
83733 |
| 700 1# - ADDED ENTRY--PERSONAL NAME |
| Personal name |
Zienkiewicz, O. C. |
| Title of a work |
Finite element method for solid and structural mechanics. |
| 9 (RLIN) |
83734 |
| 942 ## - ADDED ENTRY ELEMENTS (KOHA) |
| Source of classification or shelving scheme |
|
| Koha item type |
Book |
| 948 1# - LOCAL PROCESSING INFORMATION (OCLC); SERIES PART DESIGNATOR (RLIN) |
| Series part designator, SPT (RLIN) |
20060308 |
| b (OCLC) |
c |
| c (OCLC) |
rch2 |
| d (OCLC) |
MPS |